| 000 | 01538 a2200193 4500 | ||
|---|---|---|---|
| 020 | _a0072383550 (paperback) | ||
| 020 | _a9780072383553 (paperback) | ||
| 082 | 0 | 4 | _a658 |
| 090 |
_c4892 _d4892 |
||
| 100 | 1 | _aHarrison, Norma. | |
| 245 | 1 | 0 |
_aTechnology management:text and international cases / _cNorma Harrison, Danny Samson. |
| 250 | _a1st ed. | ||
| 260 |
_a[S.l.] : _bMcGraw-Hill/Irwin, _c2001. |
||
| 300 |
_a416 p. ; _c23 cm. |
||
| 520 | _aHarrison and Samson's Technology Management: Text and International Cases, is a text and case approach to studying the many facets of technology management. A broad and diverse perspective is presented from various industries throughout the world. This approach provides students better understanding of key success factors for implementation of technology projects. Students see first-hand how to implement technological change by examining the processes, routines, organizational structure, cultural and leadership factors that relate to introducing and implementing successful new technology. The most exciting and beneficial aspect of this text is its authorship, the cases were written by leading experts from top institutions around the world including USA, UK, Germany, Japan, Korea, Australia and Canada. Students are afforded the opportunity to learn from National Guru's of Technology Management all in one convenient book. | ||
| 700 | 1 | _aSamson, Danny. | |
| 856 | 4 | 0 |
_3Amazon.com _uhttp://www.amazon.com/exec/obidos/ASIN/0072383550/chopaconline-20 |
| 942 |
_aNBS _cBK _k658.57 HAR |
||
| 999 |
_c347322 _d347322 |
||